| 000 | 01945cam a2200481 i 4500 | ||
|---|---|---|---|
| 999 |
_c522751 _d522751 |
||
| 001 | 20610227 | ||
| 003 | NUST | ||
| 005 | 20190110093203.0 | ||
| 008 | 180531s2018 ii af b 001 0 eng d | ||
| 010 | _a 2018315200 | ||
| 020 |
_a9789352779253 _q(hardback) |
||
| 020 | _a9352779258 | ||
| 020 |
_z9789352779260 _q(Ebook) |
||
| 025 | _aI-E-2018315200; 63-92; 63-09 | ||
| 035 | _a(OCoLC)on1038246065 | ||
| 035 | _a(OCoLC)1038246065 | ||
| 037 | _bLibrary of Congress -- New Delhi Overseas Office | ||
| 038 | _aMuhammad Ibrahim | ||
| 040 |
_aDKAGE _beng _erda _cDKAGE _dSEA _dDKAGE _dOCLCF _dOCLCA _dDLC |
||
| 042 |
_alccopycat _alcode |
||
| 043 |
_aa-ii--- _aa-pk--- |
||
| 050 | 0 | 0 |
_aDS450.P18 _bD85 2018 |
| 082 | 0 | 4 |
_a327.5405491 _223 _bDUL 2018 |
| 100 | 1 |
_aDulat, A. S. _q(Amarjit Singh), _d1940- _eauthor. _913029 |
|
| 245 | 1 | 4 |
_aThe spy chronicles : _bRAW, ISI and the illusion of peace / _cA.S. Dulat, Asad Durrani and Aditya Sinha. |
| 264 | 1 |
_aNoida, Uttar Pradesh, India : _bHarperCollins Publishers India, _c2018. |
|
| 300 |
_axxii, 321 pages, 16 unnumbered pages of plates : _billustrations (some color) ; _c24 cm |
||
| 336 |
_atext _btxt _2rdacontent |
||
| 337 |
_aunmediated _bn _2rdamedia |
||
| 338 |
_avolume _bnc _2rdacarrier |
||
| 504 | _aIncludes bibliographical references and index. | ||
| 610 | 1 | 0 |
_aIndia. _bCabinet Secretariat. _bResearch and Analysis Wing. _912833 |
| 610 | 1 | 0 |
_aPakistan. _bInter Services Intelligence. _913030 |
| 650 | 0 |
_aIntelligence service _zIndia. _912834 |
|
| 650 | 0 |
_aIntelligence service _zPakistan. _913031 |
|
| 651 | 0 |
_aIndia _xForeign relations _zPakistan. _91644 |
|
| 651 | 0 |
_aPakistan _xForeign relations _zIndia. _91645 |
|
| 651 | 0 |
_aJammu and Kashmir (India) _xPolitics and government. _91759 |
|
| 700 | 1 |
_aSinha, Aditya, _d1964- _eauthor. _913032 |
|
| 906 |
_a7 _bcbc _ccopycat _d3 _encip _f20 _gy-gencatlg |
||
| 942 |
_2ddc _cBK |
||